000 00622nam a2200229Ia 4500
003 OSt
005 20220925183404.0
006 a|||||r|||| 00| 0
007 ta
008 220923b |||||||| |||| 00| 0 eng d
037 _cGeneral Book
040 _aRTL
_cRTL
_beng
041 _2eng
_aeng
082 _aX:8F.2.N20 - N12, F0
110 _aIndia, (Govt. of-)
245 0 _aFinance and Revenue Accounts.
260 _aDelhi
_bGovt. of Inaia
_c1922
300 _aiv; 392p.
_ccm.
700 _aIndia, (Govt. of-)
942 _hX:8F.2.N20 - N12, F0
_cGB
_2CC
999 _c504707
_d504707